<?xml version="1.0" encoding="UTF-8"?>
<record
    xmlns:xsi="http://www.w3.org/2001/XMLSchema-instance"
    xsi:schemaLocation="http://www.loc.gov/MARC21/slim http://www.loc.gov/standards/marcxml/schema/MARC21slim.xsd"
    xmlns="http://www.loc.gov/MARC21/slim">

  <leader>03143nam a2200529Ia 4500</leader>
  <controlfield tag="001">3579</controlfield>
  <controlfield tag="008">241029s9999    xx            000 0 und d</controlfield>
  <datafield tag="010" ind1=" " ind2=" ">
    <subfield code="a">3356</subfield>
  </datafield>
  <datafield tag="041" ind1=" " ind2=" ">
    <subfield code="a">Espa&#xF1;ol</subfield>
  </datafield>
  <datafield tag="082" ind1=" " ind2=" ">
    <subfield code="a">MA-OEIP 001 FH 2010</subfield>
  </datafield>
  <datafield tag="245" ind1=" " ind2="0">
    <subfield code="a">Orientaci&#xF3;n Vocacional en Alumnos del 8vo.Grado del Centro Educativo Mar&#xED;a Teresa Quidiello, un estudio descriptivo,A&#xF1;o Escolar 2005-2006</subfield>
  </datafield>
  <datafield tag="260" ind1=" " ind2=" ">
    <subfield code="a">Santo Domingo</subfield>
  </datafield>
  <datafield tag="300" ind1=" " ind2=" ">
    <subfield code="a">110</subfield>
  </datafield>
  <datafield tag="520" ind1=" " ind2=" ">
    <subfield code="a">19</subfield>
  </datafield>
  <datafield tag="630" ind1=" " ind2=" ">
    <subfield code="a">Alumnado</subfield>
  </datafield>
  <datafield tag="630" ind1=" " ind2=" ">
    <subfield code="a">Orientaci&#xF3;n Vocacional</subfield>
  </datafield>
  <datafield tag="650" ind1=" " ind2=" ">
    <subfield code="a">Orientaci&#xF3;n</subfield>
  </datafield>
  <datafield tag="690" ind1=" " ind2=" ">
    <subfield code="a">Elaborado</subfield>
  </datafield>
  <datafield tag="700" ind1=" " ind2=" ">
    <subfield code="e">asesor</subfield>
    <subfield code="a">Pouriet, Vicenta</subfield>
  </datafield>
  <datafield tag="700" ind1=" " ind2=" ">
    <subfield code="e">autor</subfield>
    <subfield code="a">De la Rosa Mart&#xED;nez, Miguelina</subfield>
  </datafield>
  <datafield tag="901" ind1=" " ind2=" ">
    <subfield code="a">{"1":"De la Rosa Mart&#xED;nez"}</subfield>
    <subfield code="b">{"1":"Miguelina"}</subfield>
  </datafield>
  <datafield tag="902" ind1=" " ind2=" ">
    <subfield code="a">1</subfield>
  </datafield>
  <datafield tag="903" ind1=" " ind2=" ">
    <subfield code="a">{"1":"Pouriet"}</subfield>
    <subfield code="b">{"1":"Vicenta"}</subfield>
  </datafield>
  <datafield tag="904" ind1=" " ind2=" ">
    <subfield code="a">Mag&#xED;ster en</subfield>
  </datafield>
  <datafield tag="905" ind1=" " ind2=" ">
    <subfield code="a">Orientaci&#xF3;n Educativa e Intervenci&#xF3;n Psicopedag&#xF3;gica</subfield>
  </datafield>
  <datafield tag="906" ind1=" " ind2=" ">
    <subfield code="a">2</subfield>
  </datafield>
  <datafield tag="907" ind1=" " ind2=" ">
    <subfield code="a">NO APLICA</subfield>
  </datafield>
  <datafield tag="908" ind1=" " ind2=" ">
    <subfield code="a">NO APLICA</subfield>
  </datafield>
  <datafield tag="909" ind1=" " ind2=" ">
    <subfield code="a">Universidad Aut&#xF3;noma de Santo Domingo (UASD)</subfield>
  </datafield>
  <datafield tag="910" ind1=" " ind2=" ">
    <subfield code="a">NULL</subfield>
    <subfield code="b">NULL</subfield>
  </datafield>
  <datafield tag="911" ind1=" " ind2=" ">
    <subfield code="a">["1"]</subfield>
  </datafield>
  <datafield tag="912" ind1=" " ind2=" ">
    <subfield code="a">NO APLICA</subfield>
  </datafield>
  <datafield tag="913" ind1=" " ind2=" ">
    <subfield code="a">NULL</subfield>
  </datafield>
  <datafield tag="914" ind1=" " ind2=" ">
    <subfield code="a">05 de Octubre de 2010</subfield>
  </datafield>
  <datafield tag="915" ind1=" " ind2=" ">
    <subfield code="a">NULL</subfield>
  </datafield>
  <datafield tag="916" ind1=" " ind2=" ">
    <subfield code="a">NULL</subfield>
  </datafield>
  <datafield tag="917" ind1=" " ind2=" ">
    <subfield code="a">NULL</subfield>
  </datafield>
  <datafield tag="918" ind1=" " ind2=" ">
    <subfield code="a">NO APLICA</subfield>
  </datafield>
  <datafield tag="919" ind1=" " ind2=" ">
    <subfield code="a">["244","150"]</subfield>
  </datafield>
  <datafield tag="520" ind1=" " ind2=" ">
    <subfield code="a">Al terminar el octavo curso los alumnos tambi&#xE9;n finalizan el ciclo de B&#xE1;sica, pero en este momento, todav&#xED;a no tienen articulado un proyecto de vida que pueda incluir una opci&#xF3;n t&#xE9;cnica o una salida profesional. La orientaci&#xF3;n vocacional debe iniciarse lo m&#xE1;s temprano en la vida, de manera que los estudiantes puedan discernir acerca de sus aptitudes y sus intereses vocacionales, los cuales puedan inclinarlos adecuadamente en la selecci&#xF3;n de una ocupaci&#xF3;n o una profesi&#xF3;n.El objetivo principal de esta investigaci&#xF3;n es disponer de la informaci&#xF3;n de base acerca de indicadores que pudieran servir para el dise&#xF1;o de un programa de intervenci&#xF3;n en orientaci&#xF3;n vocacional para los alumnos de 8vo. del Centro Educativo Mar&#xED;a Teresa Quidiello.Se trat&#xF3; de una investigaci&#xF3;n descriptiva, se utilizaron t&#xE9;cnicas tanto cualitativas como discusi&#xF3;n en grupos focales y entrevistas; como una t&#xE9;cnica cuantitativa: el cuestionario a alumnos. Se trabaj&#xF3; con una muestra de 38 estudiantes del 8vo. grado y 7 profesores.Entre las principales conclusiones estuvieron, que la asignatura que m&#xE1;s les gusta es la Lengua Materna y, la que menos les gusta es la Matem&#xE1;tica. Tienen por lo menos una posibilidad de elecci&#xF3;n vocacional, la cual realizar&#xED;an aunque su condici&#xF3;n econ&#xF3;mica no se lo permitiese; ven el profesorado como posible elecci&#xF3;n vocacional y muestran la madurez que corresponde al nivel y al grado.El estudio recomienda que la Educaci&#xF3;n B&#xE1;sica requiera de mejor&#xED;a. Las escuelas de Educaci&#xF3;n B&#xE1;sica deben llegar a convertirse en t&#xE9;cnicos laborales con mayor n&#xFA;mero de horas en teor&#xED;a y pr&#xE1;cticas e incluir almuerzo y capacitar al maestro para que sea un facilitador de la orientaci&#xF3;n vocacional del joven.</subfield>
  </datafield>
  <datafield tag="921" ind1=" " ind2=" ">
    <subfield code="a">16</subfield>
  </datafield>
  <datafield tag="922" ind1=" " ind2=" ">
    <subfield code="a">16</subfield>
  </datafield>
  <datafield tag="923" ind1=" " ind2=" ">
    <subfield code="a">0</subfield>
  </datafield>
  <datafield tag="924" ind1=" " ind2=" ">
    <subfield code="a">NO APLICA</subfield>
  </datafield>
  <datafield tag="942" ind1=" " ind2=" ">
    <subfield code="c">Tesis</subfield>
  </datafield>
  <datafield tag="999" ind1=" " ind2=" ">
    <subfield code="c">3356</subfield>
    <subfield code="d">3356</subfield>
  </datafield>
</record>
